000 00641nam a2200277Ia 4500
005 20260324143712.0
008 008 260324s9999 xx 000 0 eng d
020 _a9781003574347
037 _aEBOOK
040 _aCRL
040 _beng
040 _cCRL
041 _2eng
041 _aeng
084 _qCRL
100 _aYoneho Tabata
_91216611
245 0 _aPulse Radiolysis of Irradiated Systems
260 _bTaylor and Francis
260 _c1991
365 _a
365 _b1520
856 _uhttp://www.taylorfrancis.com/books/9781003574347
942 _cEBOOK
999 _c1822324
_d1822324